The biology of particles in aquatic systems

Αποθηκεύτηκε σε:
Λεπτομέρειες βιβλιογραφικής εγγραφής
Άλλοι συγγραφείς: Wotton, Roger S. (Επιμελητής έκδοσης)
Μορφή: Βιβλίο
Γλώσσα:English
Δημοσίευση: Boca Raton : Lewis , 1994.
Έκδοση:2η εκδ.
Θέματα:
Ετικέτες: Προσθήκη ετικέτας
Δεν υπάρχουν, Καταχωρήστε ετικέτα πρώτοι!

MARC

LEADER 00000cam a2200000 i 4500
001 1/101020
008 950428s1994 eng d
020 |a 0-87371-905-0 
035 |l 10011930 
040 |a GR-MY-UA  |b gre  |e aacr 
041 0 |a eng 
082 0 |a 574.5263 
245 1 4 |a The biology of particles in aquatic systems /   |c edited by Roger S. Wotton.  
250 |a 2η εκδ.  
260 |a Boca Raton :   |b Lewis ,   |c 1994.  
300 |a 325 σ. :   |b εικ. ;   |c 26 εκ.  
504 |a Περιέχει βιβλιογραφικές παραπομπές και ευρετήριο.  
650 0 0 |a Aquatic ecology. 
650 0 0 |a Particles. 
650 0 0 |a Water chemistry. 
700 1 |a Wotton, Roger S.  |e edt 
852 |a INST  |b LESVOS  |e 19950428  |h 574.5263 BIO  |p 005100000548  |q 005100000548  |t BK  |y 0 
909 |a Λ  |b 041032 
950 |a 148-1995-02-23